000 00430cam a2200181ua 4500
001 3664
008 160625n1989 II |||gr||||Z||||||eng
040 _aMAIN
041 _aEnglish
082 _a530 SUB
100 _aSUBRAHMANYA, BRIj.
245 _aPRINCIPLES OF PHYSICS (For Class XII )
250 _aREP795.00.
260 _aNEW DELHI
_bS.CHAND & COMPANY
_c1989
300 _a1103:
_c24CM.
653 _aPhysics
942 _cBK
999 _c3652
_d3652